| 000 | 00480cam a2200193ua 4500 | ||
|---|---|---|---|
| 001 | 1222 | ||
| 008 | 110620n ii |||gr||||Z||||||asm | ||
| 020 | _a81-7206-060 | ||
| 040 | _cMAIN | ||
| 082 | _a301.072 | ||
| 245 |
_aSamajik gabeshana paddhati _cBy Dhiren Hazarika |
||
| 250 | _a1st. | ||
| 260 |
_aDibrugarh.: _bBani mandir., _c2002. |
||
| 300 | _a279 p.:5 cm. | ||
| 653 | _aEconomics. | ||
| 653 | _aSamajik gaveshana paddhati | ||
| 700 | _aHazarika, Dhiren, | ||
| 942 | _cBK | ||
| 999 |
_c1129 _d1129 |
||